Vintage chughtai : (Record no. 154136)

MARC details
000 -LEADER
fixed length control field 00551nam a22001817a 4500
005 - DATE AND TIME OF LATEST TRANSACTION
control field 20180717111214.0
010 ## - LCCN (DPL NO)
LC control number ENG-123481
020 ## - INTERNATIONAL STANDARD BOOK NUMBER
International Standard Book Number 9788188965229
Terms of availability 350.00
035 ## - SYSTEM CONTROL NUMBER
System control number EN-107013
037 ## - SOURCE OF ACQUISITION
Source of stock number/acquisition DBAD/PUB
082 ## - DEWEY DECIMAL CLASSIFICATION NUMBER
Classification number 883.092
100 ## - MAIN ENTRY--PERSONAL NAME
Personal name Chaughtai, Ismat
245 ## - TITLE STATEMENT
Title Vintage chughtai :
Statement of responsibility, etc by Ismat Chaughtai
Remainder of title a selection of her best stories /
260 ## - PUBLICATION, DISTRIBUTION, ETC. (IMPRINT)
Place of publication, distribution, etc New Delhi
Name of publisher, distributor, etc Women Unlimited
Date of publication, distribution, etc 2013
270 ## - ADDRESS
Address N-84, Panchshila Park
City New Delhi
Postal code 110017
300 ## - PHYSICAL DESCRIPTION
Extent xix,259p.
Dimensions 21cm(pbk)
942 ## - ADDED ENTRY ELEMENTS (KOHA)
Source of classification or shelving scheme Dewey Decimal Classification
Item type English Books
Call number suffix CHU
Classification part 883.092
Holdings
Withdrawn status Lost status Not for loan Collection code Home library Current library Date acquired Source of acquisition Cost, normal purchase price Full call number Barcode Copy number Cost, replacement price Koha item type
    Not For Loan Non-fiction D.B.Act.Division Bawana 17/07/2018 DBAD/PUB 350.00 883.092 CHU EN-107013 1 350.00 English Books

© Delhi Public Library
Hit Counter
free hit counter